| 000 | 01032cam a2200193 4500 | ||
|---|---|---|---|
| 001 | WB@3612-772 | ||
| 008 | 041209n2004 000 0 eng u | ||
| 035 | _a(Sirsi) u128266 | ||
| 245 | _aRural is affordable | ||
| 260 | _c2004 | ||
| 490 |
_aDEFRA News Release _v(509/04) 8 December 2004 (3) |
||
| 520 | _aDEFRA has launched its five year plan. Its challenge is to support sustainable communities - by having a high quality environment, fair access to local services, and tackling rural social exclusion. More affordable homes are needed in order to allow rural children to be able to afford to live in towns and villages where they were brought up. Included in the plan is the rural exceptions policy which will allows councils to give planning permission to much needed affordable homes in rural areas. For further details on the five year plan see the website. http://www.defra.gov.uk | ||
| 590 | _aWB | ||
| 590 | _aWB | ||
| 650 | _aHOUSING SUPPLY | ||
| 650 | _aSOCIAL HOUSING | ||
| 690 |
_aRURAL _96268 |
||
| 942 | _n0 | ||
| 999 |
_c118430 _d118430 |
||